000 00507nam a2200181Ia 4500
008 131103s9999 xx 000 0 und d
040 _aLoreto College
041 _aEnglish
082 _a780/DOB
_bLCBED/15536
100 _aDobbs,J.P.B.
245 4 _aThe oxford school music books
_b Infant book
_cJ.P.B.Dobbs and Winifred Firth
250 _a3rd ed.
260 _aLondon
_bOxford University Press
_c1959
300 _axi,187p.
_c 24c.m.
650 _aMusic
700 _aFirth,Winifred
942 _cBK
999 _c37750
_d88229